Formula One Trivia - Hard - Statistics

General Stats
  • This quiz has been taken 342 times
  • The average score is 11 of 17
Answer Stats
Hint Answer % Correct
Name the three Brazilian drivers that have won the World Driver's Championship? Ayrton Senna
98%
Nelson Piquet
90%
Emerson Fittipaldi
86%
Who is the only driver to win the World Driver's Championship driving one of his own cars? Jack Brabham
83%
Who was the first US World Driver's Champion? Phil Hill
82%
Who was Britain's first Formula One World Driver's Champion? Mike Hawthorn
79%
In what year did an Italian driver last win a World Driver's Championship? 1953
78%
Which team introduced the innovative RW80 "F-Duct"system on their 2010 car? McLaren
78%
Which Austrian driver won the 1970 World Driver's Championship? Jochen Rindt
77%
Which team built the P34 "6-wheeler" Formula One car that competed in the 1976 and 1977 seasons? Tyrrell
71%
Las Vegas hosted a Grand Prix from 1981 to 1984 in the Car Park of which hotel? Caesars Palace
54%
What is the name of the 2016 Manor driver who is the only Indonesian driver to ever compete in Formula One? Rio Haryanto
49%
Which driver replaced Ayrton Senna at Williams following his death in 1994? David Coulthard
46%
With which team did James Hunt make his Formula One debut in 1973 Hesketh
44%
Who was the lead designer for the famous Lotus 25 car? Colin Chapman
43%
Maria de Vilotta was killed in an accident in 2013 whilst she was test driving for which Formula One team? Marussia
43%
In terms of degrees, what is the only current (2022) Formula One circuit where a driver turns left just as much as right? Suzuka
27%
No matching quizzes found
Score Distribution
Percent of People with Each Score
Percentile by Number Answered
Your Score History
You have not taken this quiz